Attitude of Young People Towards Entrepreneurship

Prieskum prístupu mladých ľudí k podnikaniu na vzorke 373 študentov stredných škôl. Iba 4 % opýtaných malo záujem o podnikanie, pričom podstatne vyšší záujem bol u chlapcov. Záujemcovia o podnikanie očakávajú vyšší príjem, pričom na výšku očakávaného príjmu nemal vyplyv rozdielny typ strednej školy.

Salvato in:
Dettagli Bibliografici
Autore principale: Reissová, Alice
Altri autori: Šimsová, Jana
Natura: Capitolo di libro
Lingua:inglese
Soggetti:
Tags: Aggiungi Tag
Nessun Tag, puoi essere il primo ad aggiungerne!!

MARC

LEADER 00000nla a2200000 4500
001 0241184
005 20240417075133.6
041 0 |a eng 
044 |a CZ 
245 1 0 |a Attitude of Young People Towards Entrepreneurship  |c Alice Reissová, Jana Šimsová 
520 |a Prieskum prístupu mladých ľudí k podnikaniu na vzorke 373 študentov stredných škôl. Iba 4 % opýtaných malo záujem o podnikanie, pričom podstatne vyšší záujem bol u chlapcov. Záujemcovia o podnikanie očakávajú vyšší príjem, pričom na výšku očakávaného príjmu nemal vyplyv rozdielny typ strednej školy. 
610 2 0 |a podnikanie 
610 2 0 |a mládež 
610 2 0 |a založenie podniku 
610 2 0 |a študenti 
610 2 0 |a školy stredné 
610 2 0 |a školy stredné odborné 
610 2 0 |a muži 
610 2 0 |a ženy 
610 2 0 |a dotazníky 
610 2 0 |a príjmy 
100 1 |a Reissová, Alice 
700 1 |a Šimsová, Jana